Statistics for Countries Most Targeted By Hackers

Click here to take the quiz!

General Stats

  • This quiz has been taken 83 times
  • The average score is 5 of 10

Answer Stats

HintAnswer% Correct
62 MUnited States
99%
55 MFrance
86%
100 MGermany
82%
19 MItaly
76%
14 MBrazil
64%
20 MIreland
32%
30 MIndonesia
26%
15 MTaiwan
26%
16 MPhilippines
25%
22 MEgypt
22%

Score Distribution

Percentile by Number Answered

Percent of People with Each Score

Your Score History

You have not taken this quiz